000 00379nam a2200133Ia 4500
008 240624s9999 xx 000 0 und d
041 _aeng
082 _a658.4012 DIX
100 _aDIXIT AVINASH K
245 _aTHINKING STRATEGICALLY THE COMPETITIVE EDGE IN BUSINESS P
260 _c1991
_aNew York
_bW W Norton & Company
300 _axi, : 393 : p. : cm. ; 21
365 _c
_b25
999 _c10877
_d10877